[Event "Bratto op 36th"]
[Site "Bratto"]
[Date "2016.08.20"]
[Round "1"]
[White "Bonazzi, Edoardo"]
[Black "Sulava, Nenad"]
[Result "0-1"]
[WhiteElo "2112"]
[BlackElo "2445"]
[PlyCount "34"]
[EventDate "2016.08.20"]
[EventType "swiss"]
[EventRounds "9"]
[EventCountry "ITA"]
[SourceTitle "CBM 174 Extra"]
[Source "ChessBase"]
[SourceDate "2016.10.10"]
[SourceVersion "1"]
[SourceVersionDate "2016.10.10"]
[SourceQuality "1"]

1. c4 b6 2. Nc3 Bb7 3. e4 e6 4. g3 f5 5. Bg2 Nf6 6. Qc2 fxe4 7. Nxe4 Nc6 8. Nxf6+ Qxf6 9. Qc3 e5 10. Ne2 Bc5 11. 0-0 0-0 12. Kh1 Qg6 13. Bd5+ Kh8 14. f4 Rae8 15. d3 Nd8 16. Bxb7 Nxb7 17. b4 Qc6+ 0-1

[Event "Bratto op 35th"]
[Site "Bratto"]
[Date "2015.08.22"]
[Round "1"]
[White "Bonazzi, Edoardo"]
[Black "Aghayev, Miragha"]
[Result "0-1"]
[WhiteElo "2113"]
[BlackElo "2354"]
[PlyCount "58"]
[EventDate "2015.08.22"]
[EventType "swiss"]
[EventRounds "9"]
[EventCountry "ITA"]
[SourceTitle "EXT 2016"]
[Source "ChessBase"]
[SourceDate "2015.10.08"]
[SourceVersion "1"]
[SourceVersionDate "2015.10.08"]
[SourceQuality "1"]

1. c4 Nf6 2. g3 c5 3. Nf3 d5 4. cxd5 Nxd5 5. Nc3 Nc6 6. Nxd5 Qxd5 7. Bg2 e5 8. 0-0 Be7 9. d3 0-0 10. Be3 Qe6 11. a3 Bd7 12. Rc1 b6 13. Nd2 Rac8 14. Ne4 Nd4 15. Nc3 Bc6 16. Bxc6 Qxc6 17. Bxd4 exd4 18. Ne4 Qe6 19. Re1 c4 20. Qa4 f5 21. Nd2 Bg5 22. Rcd1 c3 23. bxc3 dxc3 24. Nb3 c2 25. Ra1 Bf6 26. d4 Rc4 27. Qxa7 Rc3 28. Nc1 Bxd4 29. Ra2 f4 0-1

[Event "Milan Crespi op-A 34th"]
[Site "Milan"]
[Date "2013.12.04"]
[Round "5"]
[White "Bonazzi, Edoardo"]
[Black "Tonndorf, Matthias"]
[Result "0-1"]
[WhiteElo "2099"]
[BlackElo "2219"]
[PlyCount "90"]
[EventDate "2013.11.30"]
[EventType "swiss"]
[EventRounds "9"]
[EventCountry "ITA"]
[SourceTitle "CBM 157 Extra"]
[Source "ChessBase"]
[SourceDate "2013.12.19"]
[SourceVersion "1"]
[SourceVersionDate "2013.12.19"]
[SourceQuality "1"]

1. Nf3 c5 2. c4 b6 3. g3 Bb7 4. Bg2 Nf6 5. 0-0 e6 6. Nc3 Be7 7. d4 cxd4 8. Qxd4 0-0 9. b3 d6 10. Rd1 Nbd7 11. Bb2 a6 12. Rac1 Qc7 13. e4 Rac8 14. Qe3 Qb8 15. Qe2 Qa8 16. Nd2 Rfe8 17. h3 Bf8 18. Kh2 Bc6 19. f4 g6 20. Re1 Nh5 21. Nf3 Qb8 22. Rcd1 Rcd8 23. Nd4 Ba8 24. Qf2 Bg7 25. Rf1 Qc7 26. Nf3 Nc5 27. Qc2 Nxe4 28. Nxe4 Bxe4 29. Qxe4 Bxb2 30. Nd4 d5 31. Qb1 Bxd4 32. Rxd4 e5 33. fxe5 Qxe5 34. Rd3 dxc4 35. bxc4 Rxd3 36. Qxd3 Kg7 37. Rb1 Re6 38. Qb3 f6 39. Rd1 Rd6 40. Rd3 Rxd3 41. Qxd3 f5 42. Bd5 f4 43. gxf4 Nxf4 44. Qg3 Qb2+ 45. Kh1 Qb1+ 0-1

[Event "Milan Crespi op-A 34th"]
[Site "Milan"]
[Date "2013.12.03"]
[Round "4"]
[White "Bemporad, Filippo"]
[Black "Bonazzi, Edoardo"]
[Result "1/2-1/2"]
[WhiteElo "2026"]
[BlackElo "2099"]
[PlyCount "60"]
[EventDate "2013.11.30"]
[EventType "swiss"]
[EventRounds "9"]
[EventCountry "ITA"]
[SourceTitle "CBM 157 Extra"]
[Source "ChessBase"]
[SourceDate "2013.12.19"]
[SourceVersion "1"]
[SourceVersionDate "2013.12.19"]
[SourceQuality "1"]

1. d4 Nf6 2. Nf3 c5 3. c4 cxd4 4. Nxd4 Nc6 5. Nc3 g6 6. e4 d6 7. Be2 Bg7 8. Be3 0-0 9. 0-0 Bd7 10. Rc1 Nxd4 11. Bxd4 Bc6 12. f3 a5 13. Qd2 Nd7 14. Be3 Nc5 15. Rfd1 a4 16. Kh1 Qa5 17. Nd5 Bxd5 18. cxd5 Rfc8 19. Qxa5 Rxa5 20. Rc2 Rb8 21. Rdc1 b6 22. Kg1 b5 23. b4 axb3 24. axb3 b4 25. Kf1 Bc3 26. Bc4 h5 27. Ke2 Kf8 28. Bxc5 Rxc5 29. Ra2 Rcc8 30. Kd3 Bf6 1/2-1/2

[Event "Milan Crespi op-A 34th"]
[Site "Milan"]
[Date "2013.11.30"]
[Round "1"]
[White "Bonazzi, Edoardo"]
[Black "Naumkin, Igor"]
[Result "0-1"]
[WhiteElo "2099"]
[BlackElo "2460"]
[PlyCount "50"]
[EventDate "2013.11.30"]
[EventType "swiss"]
[EventRounds "9"]
[EventCountry "ITA"]
[SourceTitle "CBM 157 Extra"]
[Source "ChessBase"]
[SourceDate "2013.12.19"]
[SourceVersion "1"]
[SourceVersionDate "2013.12.19"]
[SourceQuality "1"]

1. c4 Nf6 2. g3 e6 3. Nf3 d5 4. Bg2 d4 5. 0-0 c5 6. e3 Nc6 7. exd4 cxd4 8. Re1 d3 9. a3 Nd4 10. Nxd4 Qxd4 11. Nc3 Bc5 12. Rf1 Qxc4 13. b3 Qa6 14. Bb2 0-0 15. Ne4 Nxe4 16. Bxe4 f5 17. Qh5 Qd6 18. Bg2 e5 19. Rfc1 Be6 20. b4 Bb6 21. Qd1 e4 22. Qe1 Bd5 23. Kh1 f4 24. a4 fxg3 25. fxg3 e3 0-1

[Event "Milan SSM op 06"]
[Site "Milan"]
[Date "2013.06.08"]
[Round "4"]
[White "Bonazzi, Edoardo"]
[Black "Pelizzola, Danilo"]
[Result "1-0"]
[WhiteElo "2073"]
[BlackElo "2072"]
[PlyCount "131"]
[EventDate "2013.06.06"]
[EventType "swiss"]
[EventRounds "6"]
[EventCountry "ITA"]
[SourceTitle "EXT 2015"]
[Source "ChessBase"]
[SourceDate "2014.11.20"]
[SourceVersion "1"]
[SourceVersionDate "2014.11.20"]
[SourceQuality "1"]

1. c4 Nf6 2. Nf3 b6 3. g3 Bb7 4. Bg2 c5 5. 0-0 e6 6. Nc3 d6 7. Re1 Nbd7 8. e4 Be7 9. d4 cxd4 10. Nxd4 Qb8 11. f4 0-0 12. Be3 Rc8 13. b3 Nc5 14. Bf2 Bf8 15. Rc1 e5 16. fxe5 dxe5 17. Nc2 a6 18. Nd5 Rc6 19. Ncb4 Rd6 20. Nxf6+ Rxf6 21. Nd5 Rd6 22. b4 Nd7 23. Bh3 Bc8 24. c5 bxc5 25. bxc5 Rc6 26. Bxd7 Bxd7 27. Nb6 Be6 28. Nxa8 Qxa8 29. Qa4 Qc8 30. Qa5 Bh3 31. Qc3 Qg4 32. Qd3 Qc8 33. Qe3 h6 34. Red1 Be7 35. Rc2 Bg5 36. Qd3 Kh7 37. Be3 Be7 38. Rdc1 f5 39. exf5 Bxf5 40. Qd5 Bxc2 41. Rxc2 Bf6 42. Rb2 Rc7 43. Rb6 Rd7 44. Rd6 Rxd6 45. Qxd6 Qb7 46. Qd3+ e4 47. Qc4 Qc6 48. Kf2 Kh8 49. Bd4 Kh7 50. h4 h5 51. Ke3 Bxd4+ 52. Qxd4 g6 53. Qd6 Qa4 54. c6 Qxa2 55. c7 Qb3+ 56. Kxe4 Qc2+ 57. Kd5 Qb3+ 58. Ke5 Qxg3+ 59. Ke6 Qg4+ 60. Ke7 Kh6 61. Qf6 Qe4+ 62. Kf8 Qa8+ 63. Kf7 Qd5+ 64. Qe6 Qf3+ 65. Kg8 Qc3 66. Qf7 1-0

[Event "Milan Palladino Memorial"]
[Site "Milan"]
[Date "2013.03.30"]
[Round "4"]
[White "Bonazzi, Edoardo"]
[Black "Vezzosi, Paolo"]
[Result "0-1"]
[WhiteElo "2061"]
[BlackElo "2290"]
[PlyCount "78"]
[EventDate "2013.03.28"]
[EventType "swiss"]
[EventRounds "7"]
[EventCountry "ITA"]
[SourceTitle "EXT 2014"]
[Source "ChessBase"]
[SourceDate "2013.11.20"]
[SourceVersion "1"]
[SourceVersionDate "2013.11.20"]
[SourceQuality "1"]

1. Nf3 d5 2. c4 d4 3. g3 g6 4. Bg2 Bg7 5. 0-0 c5 6. d3 Nc6 7. Na3 Nf6 8. Nc2 a5 9. b3 0-0 10. a3 e5 11. Ng5 Bf5 12. Bd2 h6 13. Ne4 Nxe4 14. dxe4 Be6 15. Ne1 a4 16. Nd3 Qe7 17. b4 Bxc4 18. Nxc5 b5 19. Nd3 Rac8 20. Qb1 Nd8 21. Qb2 Ne6 22. Rac1 Kh7 23. f4 exf4 24. gxf4 Rcd8 25. Qc2 Nc7 26. Nb2 d3 27. Nxd3 Ne6 28. Bc3 Nd4 29. Bxd4 Bxd4+ 30. Kh1 Be3 31. Rce1 Qh4 32. h3 Bxd3 33. exd3 Bxf4 34. Rd1 Qg3 35. Kg1 Qh2+ 36. Kf2 Qg3+ 37. Kg1 Qh2+ 38. Kf2 f5 39. Ke1 Bg3+ 0-1

[Event "Milan Carnevale op 4th"]
[Site "Milan"]
[Date "2013.02.15"]
[Round "3"]
[White "Reale, Simone"]
[Black "Bonazzi, Edoardo"]
[Result "0-1"]
[WhiteElo "1923"]
[BlackElo "2040"]
[PlyCount "61"]
[EventDate "2013.02.13"]
[EventType "swiss"]
[EventRounds "6"]
[EventCountry "ITA"]
[SourceTitle "EXT 2014"]
[Source "ChessBase"]
[SourceDate "2013.11.20"]
[SourceVersion "1"]
[SourceVersionDate "2013.11.20"]
[SourceQuality "1"]

1. d4 Nf6 2. c4 c5 3. d5 b5 4. Nd2 e6 5. e4 bxc4 6. Bxc4 exd5 7. exd5 d6 8. Ngf3 Be7 9. 0-0 0-0 10. h3 Na6 11. Nb1 Nc7 12. Nc3 Bb7 13. Re1 Qd7 14. Qd3 Rfe8 15. Bg5 Nh5 16. Re4 h6 17. Bd2 Bf8 18. Rg4 Nf6 19. Rf4 Nh5 20. Rf5 g6 21. Rxh5 gxh5 22. Nh4 Qe7 23. Qg3+ Kh8 24. Ne4 Qxe4 25. Bc3+ Re5 26. Bd3 Qxd5 27. f4 Bg7 28. fxe5 Bxe5 29. Bxe5+ dxe5 30. Nf5 Ne6 31. Qh4 0-1

[Event "Milan Carnevale op 4th"]
[Site "Milan"]
[Date "2013.02.13"]
[Round "1"]
[White "Bonazzi, Edoardo"]
[Black "Marchini, Daniele"]
[Result "1-0"]
[WhiteElo "2040"]
[BlackElo "1871"]
[PlyCount "77"]
[EventDate "2013.02.13"]
[EventType "swiss"]
[EventRounds "6"]
[EventCountry "ITA"]
[SourceTitle "EXT 2014"]
[Source "ChessBase"]
[SourceDate "2013.11.20"]
[SourceVersion "1"]
[SourceVersionDate "2013.11.20"]
[SourceQuality "1"]

1. Nf3 d5 2. c4 d4 3. g3 c5 4. b4 cxb4 5. a3 e6 6. axb4 Bxb4 7. Qa4+ Nc6 8. Bg2 Nge7 9. Ne5 Qd6 10. Nxc6 Nxc6 11. Na3 a6 12. Nb5 Qd7 13. Ba3 Rb8 14. Bxb4 axb5 15. Qxb5 Nxb4 16. Qxb4 Qe7 17. Qb6 e5 18. 0-0 0-0 19. Ra7 Rd8 20. d3 Bg4 21. Re1 Qd6 22. Qxd6 Rxd6 23. Rxb7 Rxb7 24. Bxb7 Rb6 25. Bd5 Rb2 26. f3 Bd7 27. Kf2 g6 28. f4 Bf5 29. Kf3 exf4 30. Kxf4 h5 31. Ke5 Bg4 32. Bf3 Bxf3 33. exf3 Rxh2 34. Rc1 Kf8 35. c5 Ke7 36. Re1 Rg2 37. c6 Rc2 38. Kd5+ Kd8 39. Kd6 1-0

[Event "Milan SSM op"]
[Site "Milan"]
[Date "2012.07.30"]
[Round "5"]
[White "Pierandrei, Cristiano"]
[Black "Bonazzi, Edoardo"]
[Result "1/2-1/2"]
[WhiteElo "1983"]
[BlackElo "2101"]
[PlyCount "39"]
[EventDate "2012.07.27"]
[EventType "swiss"]
[EventRounds "7"]
[EventCountry "ITA"]
[SourceTitle "EXT 2014"]
[Source "ChessBase"]
[SourceDate "2013.11.20"]
[SourceVersion "1"]
[SourceVersionDate "2013.11.20"]
[SourceQuality "1"]

1. Nf3 Nf6 2. c4 e6 3. g3 c5 4. Bg2 d5 5. cxd5 Nxd5 6. Nc3 Nc6 7. d4 Be7 8. 0-0 0-0 9. e4 Nxc3 10. bxc3 cxd4 11. cxd4 b6 12. Qa4 Bb7 13. Be3 Rc8 14. Rfd1 Na5 15. Nd2 Qd6 16. Qb5 Rfd8 17. Qh5 Qa3 18. Qg4 Rc2 19. Bh6 g6 20. d5 1/2-1/2